Musical Acts by State - Wisconsin - Statistics

General Stats
  • This quiz has been taken 66 times
  • The average score is 3 of 30
Answer Stats
City/Town Songs Answer % Correct
Milwaukee Blister In The Sun | Gone Daddy Gone Violent Femmes
61%
Milwaukee Sweet But Psycho | Kings & Queens Ava Max
55%
Madison Only Happy When It Rains | Stupid Girl Garbage
52%
Eau Claire Holocene | Skinny Love Bon Iver
34%
Madison The Future's So Bright, I Gotta Wear Shades | Life Is Hard Timbuk 3
30%
Sheboygan Mr. Sandman | Lollipop The Chordettes
29%
Waukesha Closer To Free | Good Things BoDeans
14%
Green Bay Sneaky Snitch | Monkeys Spinning Monkeys Kevin MacLeod
13%
Milwaukee We're In This Love Together | Mornin' Al Jarreau
9%
Waukesha It's Been A Long, Long Time | Vaya Con Dios (May God Be With You) Les Paul
9%
Stockbridge–Munsee Wind Spirit | Ghost Dance Bill Miller
4%
Milwaukee Better Days (And The Bottom Drops Out) | Under The Influence Citizen King
4%
Mazomanie Last One Standing | I Know You Skylar Grey
4%
Milwaukee Heavy Crown | Video Games Trixie Mattel
4%
Spencer Six Days On The Road | The Pool Shark Dave Dudley
2%
Oconomowoc Rush Hour | Blue Kiss Jane Wiedlin
2%
Milwaukee Breaking Up My Bones | Shine On Vinyl Theatre
2%
Hilbert I Can't Get Started | Caravan Bunny Berigan
0%
Racine Thunder And Lightning | Go Like Elijah Chi Coltrane
0%
Milwaukee Tell Your Heart To Beat Again | Haven't Seen It Yet Danny Gokey
0%
Milwaukee Worst Day | GMFU DC The Don
0%
Milwaukee Rev It Up | Man With A Gun Jerry Harrison
0%
Cedarburg Blame It On Waylon | Cold Beer With Your Name On It Josh Thompson
0%
Milwaukee Female Goat | Mind Yo Business Lakeyah
0%
Madison Stick 'Em Up | Crime Spree Masked Intruder
0%
Abrams Slow Poke | Tennessee Waltz Pee Wee King
0%
Lake Geneva Rose Petals | More I See S. Carey
0%
Milwaukee Why Did Ever We Meet | Red & Blue Jeans The Promise Ring
0%
Milwaukee Byegone | Comrade Volcano Choir
0%
Milwaukee Woodchopper's Ball | Jazz Me Blues Woody Herman
0%
No matching quizzes found
Score Distribution
Percent of People with Each Score
Percentile by Number Answered
Your Score History
You have not taken this quiz